000 00383 a2200157 4500
001 14337
020 _a9788535703252
040 _cAnchieta - Aquarius
100 _aLourenço, Pasqual
240 1 0 _aO mistério do apartamento sorriso
_lpor
245 1 0 _aO mistério do apartamento sorriso
300 _a55
362 0 _a2004
650 4 _aLiteratura infanto-juvenil
942 _cBK
999 _c14337
_d14337